书目信息 |
| 题名: |
西书东藏
|
|
| 作者: | 刘铮 著 | |
| 分册: | ||
| 出版信息: | 上海 上海文艺出版社 2024.08 |
|
| 页数: | 11,290页 | |
| 开本: | 21cm | |
| 丛书名: | ||
| 单 册: | ||
| 中图分类: | Z835 | |
| 科图分类: | ||
| 主题词: | 著作--介绍--国外 | |
| 电子资源: | ||
| ISBN: | 978-7-5321-9078-2 | |
| 000 | 00827nam0 2200253 450 | |
| 001 | 013098373 | |
| 005 | 20251023101956.48 | |
| 010 | @a978-7-5321-9078-2@dCNY88.00 | |
| 100 | @a20240828d2024 em y0chiy0120 ea | |
| 101 | 0 | @achi |
| 102 | @aCN@b310000 | |
| 105 | @aa z 000yd | |
| 106 | @ar | |
| 200 | 1 | @a西书东藏@9xi shu dong cang@dTraveling books@e中国文化名家的外文藏书@f刘铮著@zeng |
| 210 | @a上海@c上海文艺出版社@d2024.08 | |
| 215 | @a11,290页@c图@d21cm | |
| 300 | @a艺文志·读书 | |
| 330 | @a本书记述了颜惠庆、汪荣宝、周作人、周越然、王云五、梅贻琦等中国现代37位著名学者、作家、文化人曾经读过、收藏过的西文书。 | |
| 510 | 1 | @aTraveling books@zeng |
| 606 | 0 | @a著作@x介绍@x国外 |
| 690 | @aZ835@v5 | |
| 701 | 0 | @a刘铮@9liu zheng@4著 |
| 801 | 0 | @aCN@c20250911 |
| 905 | @a河南城建学院图书馆@dZ835@eL722@ZL722@f1 | |
| 西书东藏=Traveling books:中国文化名家的外文藏书/刘铮著.-上海:上海文艺出版社,2024.08 |
| 11,290页:图;21cm |
| 艺文志·读书 |
| ISBN 978-7-5321-9078-2:CNY88.00 |
| 本书记述了颜惠庆、汪荣宝、周作人、周越然、王云五、梅贻琦等中国现代37位著名学者、作家、文化人曾经读过、收藏过的西文书。 |
| ● |
| 相关链接 |
|
|
|
正题名:西书东藏
索取号:Z835/L722
 
预约/预借
| 序号 | 登录号 | 条形码 | 馆藏地/架位号 | 状态 | 备注 |
| 1 | 1636009 | 216360097 | 自科库501/501自科库 132排1列2层/ [索取号:Z835/L722] | 在馆 |